000 00676nam a2200205 i 4500
001 89712
003 ES-MaACL
005 20230906180243.0
007 t|
008 050112s1946 ag ||||1| spa d
100 1 _aLawrence, D.H. (
_d1885-1930)
_970743
245 1 0 _aEstudios sobre literatura clásica norteamericana /
_cDavid H. Lawrence ; [versión directa de Carlos María Reyles].
260 _aBuenos Aires :
_bEmecé,
_c[1946] (
_fJ. Hays Bell)
300 _a270 p. ;
_c19 cm.
490 1 _aGrandes ensayistas
700 1 _aReyles, Carlos María.
_996600
830 0 _aGrandes ensayistas
_9181376
852 _aES-MaACL
_jD-6183
_bR.29500
999 _c89712
_d89712